BIBLIOTHÈQUE DE LA MAISON DU MEXIQUE

Logo 1 Logo 2

El desagüe del valle de México durante la época novohispana (notice nᵒ 3917)

détails MARC
000 -Sello discográfico
campo de control de longitud fija 00999nam a2200289 4500
005 - Identificación de versión
campo de control 20251017062845.0
099 ## - fechas locales
Tipo de ítem Koha LIBRO
100 ## - Datos de procesamiento general
Datos de procesamiento general 19990127d1978 m y1spay5003 ba
105 ## - Campo de datos codificados: Material textual, monográfico
Datos codificados de monografía a 001zy
200 1# - Título y mención de responsabilidad
Título propio El desagüe del valle de México durante la época novohispana
Designación general del material texto impreso
Primer mención de responsabilidad Jorge Gurría Lacroix
205 ## - Declaración de edición
Declaración de edición 1a ed
210 ## - Publicación, distribución, etc.
Lugar de publicación, distribución, etc. México
Nombre del editor, distribuidor, etc. Universidad Nacional Autónoma de México, Instituto de Investigaciones Históricas
Fecha de publicación, distribución, etc. 1987
215 ## - Descripción física
Designación de material específico y extensión del ítem 175 p
Otras características físicas il., 4h. pleg.
Dimensiones 23 cm
345 ## - Nota de información de adquisición
Fuente de adquisición/dirección de la suscripción [OBSOLETO] Donación Alain Musset
410 #1 - Series
Título Cuaderno
Nombre de parte o sección Serie histórica
Número de volumen 19
606 ## - Término temático usado como materia
Elemento de entrada Desagüe
Subdivisión geográfica México (Valle)
Número Koha 7741
607 ## - Nombre geográfico utilizado como tema
Elemento de entrada México
Subdivisión temática Historia
Subdivisión cronológica Colonia, 1540-1810
Número Koha 605
660 ## - Código de área geográfica
Código MX
700 ## - Nombre personal - Responsabilidad primaria
Elemento de entrada Gurría Lacroix
Parte del nombre distinta del elemento de entrada Jorge
Fechas 1917-1979
Número Koha 5202
801 #0 - Fuente de origen
Agencia cm
900 ## -
-- 1/18265
900 ## -
-- 7109910175\270199
942 ## - ELEMENTOS DE ENTRADA SECUNDARIOS (KOHA)
Tipo de ítem Koha Livre
996 ## -
-- MEX
-- 751145101
-- MMAG
-- 007019
-- 627.54 G981D
-- 20221117LIV
Exemplaires
Estatus retirado Estado de daño Estado de pérdida Fecha de adquisición Biblioteca de origen Biblioteca actual Ubicación en estantería Código de barras Precio de reemplazo Signatura topográfica completa No para préstamo Tipo de ítem Koha Nota pública Nota no pública
      05/08/2025 Casa México Paris Casa México Paris   007019 05/08/2025 627.54 G981D   Livre 20221117LIV 751145101